[Event "France"]
[Site "?"]
[Date "2000.??.??"]
[Round "?"]
[White "Nunn, J."]
[Black "Nisipeanu, L._D."]
[Result "1/2-1/2"]
[WhiteElo "2600"]
[BlackElo "2610"]
[PlyCount "81"]
[EventDate "2000.??.??"]
[Source "Chess Informant"]
[SourceDate "2000.02.01"]

1. e4 c5 2. Nf3 d6 3. d4 cxd4 4. Nxd4 Nf6 5. Nc3 Nc6 6. Bg5 Bd7 7. Be2 a6 8. Bxf6 gxf6 9. Nf5 Bc8 10. O-O e6 11. Ne3 Be7 12. a4 Qc7 13. Qd2 b6 14. Rad1 Bb7 15. Nc4 O-O-O 16. Qe3 Kb8 17. Nxb6 Nb4 18. a5 Rhg8 19. Bf3 Rg5 20. Ncd5 exd5 21. exd5 Nxc2 22. Qd2 Qc5 23. h4 Rgg8 24. Rc1 Nd4 25. Bd1 Bxd5 26. Rxc5 Rxg2+ 27. Kh1 Rg4+ 28. Rxd5 Rxh4+ 29. Kg2 Rg8+ 30. Rg5 Rxg5+ 31. Qxg5 fxg5 32. Re1 Ne6 33. Bb3 Bd8 34. Bxe6 fxe6 35. Rxe6 Bxb6 36. axb6 Rb4 37. Rxd6 Rxb2 38. Rh6 a5 39. Rxh7 Rxb6 40. Rh5 Rg6 41. f4 1/2-1/2

[Event "PA"]
[Site "Philadelphia, PA USA"]
[Date "1990.??.??"]
[Round "?"]
[White "Gurevich, Mikhail N"]
[Black "Smirin, Ilia"]
[Result "0-1"]
[WhiteElo "2645"]
[BlackElo "2535"]
[PlyCount "91"]
[EventDate "1990.??.??"]
[Source "www.chesslib.no"]
[SourceDate "2004.05.04"]

1. e4 c5 2. Nf3 d6 3. d4 cxd4 4. Nxd4 Nf6 5. Nc3 Nc6 6. Bg5 Bd7 7. Be2 Qa5 8. Bxf6 gxf6 9. Nb3 Qg5 10. g3 f5 11. f4 Qg6 12. Bh5 Qe6 13. Nd4 Nxd4 14. Qxd4 Rg8 15. O-O-O Bg7 16. e5 dxe5 17. Qxd7+ Qxd7 18. Bxf7+ Kxf7 19. Rxd7 exf4 20. gxf4 Rad8 21. Rxb7 Bh6 22. Rb4 Rg2 23. Kb1 Rf2 24. a4 Bxf4 25. Rb5 Bd6 26. h4 Rb8 27. Rd5 a6 28. Nd1 Rf3 29. b3 Ke6 30. Ra5 Rb6 31. Re1+ Kf7 32. Rd5 Bb4 33. Ree5 e6 34. Rd7+ Kf6 35. Re3 Rxe3 36. Nxe3 f4 37. Ng4+ Kf5 38. Nf2 e5 39. Rxh7 Rg6 40. Rh5+ Ke6 41. Kb2 f3 42. c3 Be7 43. Nd3 Bd6 44. c4 e4 45. c5 Bg3 46. Nf2 0-1

[Event "Peristeri"]
[Site "?"]
[Date "1996.??.??"]
[Round "?"]
[White "Kotronias, V."]
[Black "Delchev, A."]
[Result "1-0"]
[WhiteElo "2615"]
[BlackElo "2510"]
[PlyCount "75"]
[EventDate "1996.??.??"]
[Source "ChessBase"]
[SourceDate "1996.10.01"]

1. e4 c5 2. Nf3 d6 3. d4 cxd4 4. Nxd4 Nf6 5. Nc3 Nc6 6. Bg5 Bd7 7. Be2 Qa5 8. Bxf6 gxf6 9. O-O Nxd4 10. Qxd4 Rc8 11. Nd5 Qc5 12. Qd3 Qxc2 13. Qe3 Qc5 14. Qb3 Bg7 15. Qxb7 e6 16. Bb5 Qxb5 17. Qxc8+ Bxc8 18. Nc7+ Ke7 19. Nxb5 Bd7 20. Nc3 Rb8 21. Rab1 a5 22. Rfd1 Bc6 23. Rd3 Rb4 24. f3 Bh6 25. g3 Bb7 26. Kf2 Ba6 27. Rdd1 Rc4 28. f4 Bb7 29. Rbc1 Rb4 30. b3 Bf8 31. Ke3 f5 32. exf5 Bg7 33. fxe6 fxe6 34. Ne2 Re4+ 35. Kf2 Ba6 36. Rc7+ Kf8 37. Rxd6 Rxe2+ 38. Kf3 1-0

[Event "Corr"]
[Site "?"]
[Date "2000.09.25"]
[Round "?"]
[White "Teichmeister Sven"]
[Black "Salceanu Vladimir"]
[Result "0-1"]
[WhiteElo "2604"]
[BlackElo "2512"]
[PlyCount "124"]
[EventDate "2000.??.??"]
[Source "www.chesslib.no"]
[SourceDate "2004.05.04"]

1. e4 c5 2. Nf3 Nc6 3. d4 cxd4 4. Nxd4 Nf6 5. Nc3 d6 6. Bg5 Bd7 7. Be2 Qa5 8. Bxf6 gxf6 9. O-O Rg8 10. Nd5 Bh3 11. Bf3 Ne5 12. Nf4 Bd7 13. c3 Bh6 14. Nd5 Qd8 15. Qe2 e6 16. Ne3 Rc8 17. Bh5 Ng6 18. Bxg6 hxg6 19. Rad1 Qa5 20. f4 Rh8 21. Qd3 Bf8 22. c4 Be7 23. a3 Kf8 24. Nf3 Qb6 25. Rf2 Ba4 26. Rdd2 f5 27. exf5 gxf5 28. Nd4 Rh6 29. b3 Bc6 30. Nxc6 bxc6 31. b4 Rd8 32. Nc2 a5 33. Qd4 Qb7 34. bxa5 c5 35. Qe3 Qa6 36. Qc3 Bf6 37. Qb3 Qxa5 38. Rd1 Rh8 39. Rf3 Ke7 40. Qb7+ Rd7 41. Qb3 Ra8 42. Rb1 Qa4 43. Qd3 d5 44. cxd5 Rxd5 45. Qe2 Rad8 46. Ne3 Rd2 47. Qc4 Qc6 48. Nf1 Rd1 49. Rxd1 Rxd1 50. h3 Rd4 51. Qc1 c4 52. Kh2 Rd8 53. Rf2 c3 54. Ng3 Rb8 55. Rc2 Qc5 56. Ne2 Rb3 57. a4 Kf8 58. h4 Qb4 59. Qe3 Qxa4 60. Rc1 Qc4 61. h5 Kg7 62. Ng1 Rb2 0-1

[Event "JUG-ch 55th"]
[Site "Subotica"]
[Date "2000.04.01"]
[Round "14"]
[White "Marjanovic, Slavoljub"]
[Black "Markovic, Miroslav"]
[Result "1-0"]
[WhiteElo "2524"]
[BlackElo "2586"]
[PlyCount "88"]
[EventDate "2000.03.16"]
[Source "ChessBase"]
[SourceDate "2000.05.31"]

1. e4 c5 2. Nf3 Nc6 3. d4 cxd4 4. Nxd4 Nf6 5. Nc3 d6 6. Bg5 Bd7 7. Be2 Qa5 8. Bxf6 gxf6 9. O-O Nxd4 10. Qxd4 Rc8 11. Nd5 Qc5 12. Qd3 Bg7 13. Qg3 Rg8 14. c3 Kf8 15. b4 Qc6 16. a4 Re8 17. Rfd1 Qc8 18. Bb5 Bh6 19. Qh4 Rg6 20. f4 Bxb5 21. axb5 f5 22. Qh3 e6 23. exf5 exf5 24. Qd3 Qd8 25. Rxa7 Qh4 26. Rf1 Rge6 27. Rxb7 Re1 28. Qg3 Rxf1+ 29. Kxf1 Qh5 30. Qg8+ Kxg8 31. Nf6+ Kg7 32. Nxh5+ Kg6 33. Ng3 Bxf4 34. Ne2 Be5 35. b6 f4 36. Rc7 d5 37. Rd7 Kf5 38. Rxd5 Ke4 39. c4 f6 40. b7 h5 41. h3 h4 42. Rd7 f3 43. gxf3+ Kxf3 44. c5 Bh2 1-0

[Event "12th Neckar Open A"]
[Site "Deizisau GER"]
[Date "2008.03.23"]
[Round "7"]
[White "Fedorchuk, S."]
[Black "Huschenbeth, N."]
[Result "1-0"]
[WhiteElo "2652"]
[BlackElo "2437"]
[PlyCount "65"]
[EventDate "2008.03.20"]
[Source "www.chesslib.no"]
[SourceDate "2004.05.04"]

1. e4 c5 2. Nf3 d6 3. d4 cxd4 4. Nxd4 Nf6 5. Nc3 Nc6 6. Bg5 Bd7 7. f3 Qa5 8. h4 h6 9. Be3 Nxd4 10. Qxd4 e5 11. Qd2 O-O-O 12. a3 Kb8 13. Bc4 Be6 14. b4 Qc7 15. Bxa7+ Ka8 16. Bxe6 fxe6 17. Bf2 d5 18. O-O d4 19. Nb5 Qc4 20. Qd3 Rc8 21. Qxc4 Rxc4 22. c3 dxc3 23. Rfc1 Be7 24. Rxc3 Rxc3 25. Nxc3 Rc8 26. Nb5 Rc6 27. Rd1 Ne8 28. Rd7 Bf6 29. Rf7 Nd6 30. Rf8+ Nc8 31. Na7 Rc1+ 32. Kh2 Bxh4 33. Be3 1-0

[Event "Palma de Mallorca (GMA)"]
[Site "?"]
[Date "1989.??.??"]
[Round "?"]
[White "Chandler, M."]
[Black "Zaitshik, G."]
[Result "0-1"]
[WhiteElo "2585"]
[BlackElo "2500"]
[PlyCount "120"]
[EventDate "1989.??.??"]
[Source "ChessBase"]
[SourceDate "1989.07.01"]

1. e4 c5 2. Nf3 d6 3. d4 cxd4 4. Nxd4 Nf6 5. Nc3 Nc6 6. Bg5 Bd7 7. Be2 Qa5 8. Bxf6 gxf6 9. O-O Nxd4 10. Qxd4 Rc8 11. Kh1 Qc5 12. Qd2 Bg7 13. Bd3 f5 14. Nd5 Kf8 15. b4 Qc6 16. Qg5 Re8 17. Rae1 h6 18. Qh4 fxe4 19. Bxe4 Qc4 20. Qf4 Bc6 21. Qf3 e6 22. Nf6 Bxe4 23. Nxe4 Rd8 24. Rd1 b6 25. Rfe1 d5 26. Ng3 Rd6 27. Nh5 Rg8 28. a3 Bh8 29. h3 Rg5 30. g4 Rc6 31. Nf4 Kg8 32. Nd3 e5 33. Nb2 Qc3 34. Qxc3 Rxc3 35. Rxd5 Rxh3+ 36. Kg2 Rxa3 37. f3 e4 38. Nc4 exf3+ 39. Kg3 Rc3 40. Rd8+ Kh7 41. Ne3 Bf6 42. Re8 Re5 43. Nf5 f2+ 44. Kxf2 Rxc2+ 45. Kf3 Rc3+ 46. Kf2 Rc2+ 47. Kf3 Rc3+ 48. Kg2 Rxe1 49. Rxe1 Rc4 50. Rh1 Bg5 51. Kf3 Rf4+ 52. Kg3 Rxb4 53. Rd1 Rb3+ 54. Kg2 Rb2+ 55. Kf3 Rd2 56. Ra1 Rd7 57. Ke4 Kg6 58. Ra2 Rc7 59. Ra3 Rc4+ 60. Kf3 h5 0-1

[Event "Lausanne Master op"]
[Site "Lausanne"]
[Date "2000.06.02"]
[Round "5"]
[White "Landenbergue, Claude"]
[Black "Epishin, Vladimir"]
[Result "0-1"]
[WhiteElo "2406"]
[BlackElo "2667"]
[PlyCount "110"]
[EventDate "2000.05.31"]
[Source "ChessBase"]
[SourceDate "2000.07.11"]

1. e4 c5 2. Nf3 d6 3. d4 cxd4 4. Nxd4 Nf6 5. Nc3 Nc6 6. Bg5 Bd7 7. Bxf6 gxf6 8. Be2 Bg7 9. Nf5 Bxf5 10. exf5 Qd7 11. Nd5 O-O-O 12. c4 Kb8 13. Bd3 e6 14. Nc3 h5 15. O-O Bh6 16. Qa4 Bf4 17. Ne2 Be5 18. Rab1 Qc7 19. f4 Bd4+ 20. Kh1 Bb6 21. b4 Ne7 22. Qc2 h4 23. h3 Rhg8 24. Nc3 Rg3 25. fxe6 fxe6 26. Ne4 Nf5 27. Nxg3 Nxg3+ 28. Kh2 Nxf1+ 29. Rxf1 f5 30. Qe2 Qg7 31. Rf3 Rg8 32. Bc2 Qd4 33. Qd1 Qxd1 34. Bxd1 Kc7 35. Bb3 Kd7 36. g3 Ke7 37. gxh4 Kf6 38. Rd3 Bc7 39. h5 b5 40. Rg3 Rh8 41. Rc3 bxc4 42. Rxc4 Bb8 43. Rc6 Ke7 44. Bd1 Rg8 45. Ra6 d5 46. Kh1 Rg3 47. b5 Rxh3+ 48. Kg2 Rd3 49. Bb3 Rd4 50. h6 Rxf4 51. b6 axb6 52. Rxb6 Bc7 53. Rb7 Kd8 54. Rxc7 Kxc7 55. Kh3 Rb4 0-1

[Event "Zlatibor"]
[Site "?"]
[Date "2006.08.26"]
[Round "1"]
[White "Pikula Dejan"]
[Black "Sedlak Nikola"]
[Result "1/2-1/2"]
[WhiteElo "2545"]
[BlackElo "2519"]
[PlyCount "75"]
[EventDate "2006.??.??"]
[Source "www.chesslib.no"]
[SourceDate "2004.05.04"]

1. e4 c5 2. Nf3 d6 3. d4 cxd4 4. Nxd4 Nf6 5. Nc3 Bd7 6. Bg5 Nc6 7. Nb3 e6 8. Qd2 a6 9. O-O-O b5 10. f3 Be7 11. h4 h6 12. Be3 Ne5 13. Qf2 b4 14. Ne2 a5 15. Kb1 a4 16. Nd2 b3 17. axb3 a3 18. bxa3 Qa5 19. Bd4 Qxa3 20. Nc1 h5 21. Qe1 O-O 22. f4 Qb4 23. Bb2 Ng6 24. g3 Bc6 25. Bd3 Qb7 26. Rh2 Ng4 27. Re2 Bf6 28. c3 e5 29. f5 Ne7 30. c4 Bd7 31. Bc2 Nc6 32. Nf3 Nb4 33. Rxd6 Bxf5 34. exf5 Nxc2 35. Rxc2 Qxf3 36. c5 Qxf5 37. c6 Rfc8 38. Qd2 1/2-1/2

[Event "URS Ch sf"]
[Site "Odessa UKR"]
[Date "1972.??.??"]
[Round "?"]
[White "Romanishin, Oleg M"]
[Black "Stein, Leonid Z"]
[Result "1/2-1/2"]
[WhiteElo "2440"]
[BlackElo "2620"]
[PlyCount "83"]
[EventDate "1972.??.??"]
[Source "www.chesslib.no"]
[SourceDate "2004.05.04"]

1. e4 c5 2. Nf3 Nc6 3. d4 cxd4 4. Nxd4 Nf6 5. Nc3 d6 6. Bg5 Bd7 7. Be2 Qa5 8. Bxf6 gxf6 9. Nb3 Qg5 10. g3 f5 11. f4 Qh6 12. Qd2 fxe4 13. Nxe4 Bg7 14. c3 Qg6 15. Ng5 Bf6 16. h4 h6 17. Bd3 Bf5 18. h5 hxg5 19. hxg6 Rxh1+ 20. Bf1 Bxg6 21. O-O-O gxf4 22. gxf4 O-O-O 23. Bd3 Rxd1+ 24. Qxd1 Bxd3 25. Qxd3 e6 26. Qh7 Rd7 27. Kc2 a6 28. Nd2 d5 29. Qh6 Be7 30. Nf3 Bd6 31. Qf6 Kc7 32. a3 Kb8 33. Kb1 Bc7 34. Ka1 Bd8 35. Qh8 Ka7 36. Kb1 Bb6 37. Qe8 Re7 38. Qf8 Rd7 39. Qe8 Re7 40. Qf8 Rd7 41. Qg8 Bc7 42. Qg1+ 1/2-1/2

[Event "Villa Martelli"]
[Site "Villa Martelli"]
[Date "1997.??.??"]
[Round "4"]
[White "Ginzburg, Maximiliano"]
[Black "Milos, Gilberto"]
[Result "0-1"]
[WhiteElo "2450"]
[BlackElo "2605"]
[PlyCount "96"]
[EventDate "1997.06.01"]
[Source "ChessBase"]
[SourceDate "1997.10.13"]

1. e4 c5 2. Nf3 Nc6 3. d4 cxd4 4. Nxd4 Nf6 5. Nc3 d6 6. Bg5 Bd7 7. Be2 a6 8. Bxf6 gxf6 9. O-O e6 10. Bh5 Be7 11. Kh1 Nxd4 12. Qxd4 Qa5 13. Be2 Rc8 14. f4 Qc5 15. Qd2 Bc6 16. f5 h5 17. Rf4 Qe5 18. Raf1 Kd7 19. Bf3 Bd8 20. Nd1 Bb6 21. c3 Rcd8 22. Rh4 Kc8 23. c4 exf5 24. Nc3 Ba5 25. exf5 Bxc3 26. bxc3 Bxf3 27. Rxf3 Rde8 28. Rf1 Qe2 29. Qxe2 Rxe2 30. g4 Rxa2 31. Rxh5 Rg8 32. Rg1 Ra4 33. h4 Rxc4 34. g5 Rxc3 35. Kh2 fxg5 36. hxg5 Rc5 37. f6 Kd7 38. Kh3 Rf5 39. Rg4 Rf1 40. Re4 Rh1+ 41. Kg4 Rg1+ 42. Kf5 Rf1+ 43. Rf4 Re1 44. Re4 Rxe4 45. Kxe4 Ke6 46. Kf4 Rc8 47. Rh7 Rc4+ 48. Kf3 b5 0-1

[Event "JUG Cup"]
[Site "Ulcinj"]
[Date "1997.??.??"]
[Round "?"]
[White "Marinkovic, Ivan"]
[Black "Popovic, Petar"]
[Result "1-0"]
[WhiteElo "2495"]
[BlackElo "2545"]
[PlyCount "29"]
[EventDate "1997.??.??"]
[Source "www.chesslib.no"]
[SourceDate "2004.05.04"]

1. e4 c5 2. Nf3 d6 3. d4 cxd4 4. Nxd4 Nf6 5. Nc3 Nc6 6. Bg5 Bd7 7. Be2 a6 8. Bxf6 gxf6 9. Nf5 Qa5 10. O-O Bxf5 11. exf5 Qxf5 12. Nd5 Rb8 13. Bg4 Qg5 14. f4 Qg7 15. Re1 1-0

[Event "Salamanca"]
[Site "Salamanca"]
[Date "1989.??.??"]
[Round "?"]
[White "Kudrin, Sergey"]
[Black "Franco Ocampos, Zenon"]
[Result "1-0"]
[WhiteElo "2550"]
[BlackElo "2490"]
[PlyCount "89"]
[EventDate "1989.04.??"]
[Source "ChessBase"]

1. e4 c5 2. Nf3 Nc6 3. d4 cxd4 4. Nxd4 Nf6 5. Nc3 d6 6. Bg5 Bd7 7. Be2 Qa5 8. Bxf6 gxf6 9. f4 Nxd4 10. Qxd4 Rc8 11. O-O-O h5 12. Kb1 Qc5 13. Qd3 e6 14. e5 f5 15. exd6 Rc6 16. Qg3 h4 17. Qg5 Rxd6 18. Bf3 Be7 19. Qg7 Rf8 20. Ne2 Qe3 21. Rxd6 Bxd6 22. Rd1 Be7 23. Nc1 Bc5 24. a3 Bc6 25. Rd3 Qxf4 26. Bxc6+ bxc6 27. Qc3 Bd6 28. g3 hxg3 29. hxg3 Qe5 30. Qxc6+ Ke7 31. Qb7+ Kf6 32. Qxa7 Rb8 33. Nb3 Rh8 34. Qd7 Rh1+ 35. Ka2 Qe1 36. Nd2 Be5 37. Nc4 Qa1+ 38. Kb3 Rb1 39. Qd8+ Kg7 40. Qg5+ Kh7 41. Qh5+ Kg7 42. Qg5+ Kh7 43. Qh5+ Kg7 44. c3 Kf8 45. Rd7 1-0

[Event "Batumi"]
[Site "?"]
[Date "1999.??.??"]
[Round "?"]
[White "Nataf, I._A."]
[Black "Nevednichy, V."]
[Result "1/2-1/2"]
[WhiteElo "2500"]
[BlackElo "2535"]
[PlyCount "45"]
[EventDate "1999.??.??"]
[Source "Chess Informant"]
[SourceDate "1999.10.01"]

1. e4 c5 2. Nf3 d6 3. d4 cxd4 4. Nxd4 Nf6 5. Nc3 Nc6 6. Bg5 Bd7 7. Be2 e6 8. Ndb5 Qb8 9. a4 a6 10. Na3 Qc7 11. O-O Be7 12. Nc4 Ne5 13. Bxf6 gxf6 14. Ne3 Qc5 15. Qd2 h5 16. Kh1 Bd8 17. f4 Ng4 18. Nxg4 hxg4 19. Bxg4 Ba5 20. Qd3 O-O-O 21. Ne2 Rh4 22. Bf3 Rdh8 23. h3 1/2-1/2

[Event "TCh-FRA Nat1 GpA"]
[Site "Evry"]
[Date "2004.04.01"]
[Round "4"]
[White "Pelletier, Yannick"]
[Black "Abergel, Thal"]
[Result "1/2-1/2"]
[WhiteElo "2587"]
[BlackElo "2441"]
[PlyCount "74"]
[EventDate "2004.01.30"]
[Source "Roberto Alvarez"]
[SourceDate "2004.04.12"]

1. e4 c5 2. Nf3 d6 3. d4 cxd4 4. Nxd4 Nf6 5. Nc3 Nc6 6. Bg5 Bd7 7. Be2 Qa5 8. Bxf6 gxf6 9. O-O Nxd4 10. Qxd4 Bg7 11. a4 Qc5 12. Qd2 f5 13. Nd5 fxe4 14. Rad1 Be6 15. Qg5 O-O 16. c3 Kh8 17. b4 Qc6 18. Bb5 Qc8 19. Qxe7 a6 20. Be2 Re8 21. Qh4 Bxd5 22. Rxd5 Qxc3 23. Rxd6 Qxb4 24. Rd7 Rf8 25. Bh5 Qxa4 26. Rxb7 Qc4 27. Rd1 a5 28. Qf4 a4 29. Bxf7 Qc2 30. Qg4 Rab8 31. Rbd7 Qb2 32. Qxe4 a3 33. R7d2 Rxf7 34. Rxb2 axb2 35. g3 Ra7 36. Kg2 Ra1 37. Rb1 Rxb1 1/2-1/2

[Event "Pardubice"]
[Site "?"]
[Date "2006.07.28"]
[Round "8.14"]
[White "Andreev Eduard"]
[Black "Czarnota Pawel"]
[Result "0-1"]
[WhiteElo "2480"]
[BlackElo "2547"]
[PlyCount "45"]
[EventDate "2006.??.??"]
[Source "www.chesslib.no"]
[SourceDate "2004.05.04"]

1. e4 c5 2. Nf3 Nc6 3. d4 cxd4 4. Nxd4 Nf6 5. Nc3 d6 6. Bg5 Bd7 7. Bxf6 gxf6 8. Be2 e6 9. O-O a6 10. Kh1 h5 11. Nxc6 Bxc6 12. f4 h4 13. f5 Qa5 14. Bg4 Qe5 15. Qf3 h3 16. Bxh3 d5 17. exd5 Bd6 18. g3 exd5 19. Rae1 d4 20. Rxe5+ Bxe5 21. Nd5 Rxh3 22. c4 Kd7 23. Rf2 0-1

[Event "UKR-ch"]
[Site "Ordzhonikidze"]
[Date "2001.09.09"]
[Round "2"]
[White "Mikhaletz, Lubomir"]
[Black "Miroshnichenko, Evgenij"]
[Result "1-0"]
[WhiteElo "2485"]
[BlackElo "2539"]
[PlyCount "123"]
[EventDate "2001.09.08"]
[Source "ChessBase"]
[SourceDate "2001.02.01"]

1. e4 c5 2. Nf3 d6 3. d4 Nf6 4. Nc3 cxd4 5. Nxd4 Nc6 6. Bg5 Bd7 7. f3 a6 8. Qd2 Nxd4 9. Qxd4 Qa5 10. Be3 g6 11. b4 Qd8 12. Nd5 Bg7 13. Qb2 O-O 14. Bd4 Bc6 15. Nxf6+ Bxf6 16. Bxf6 exf6 17. O-O-O Rc8 18. Qd4 Ba4 19. Bd3 Rc6 20. Kb2 Qc7 21. Rc1 Rc8 22. c3 Bb5 23. Rhd1 Bc4 24. Bxc4 Rxc4 25. Qxf6 Rc6 26. Rd5 a5 27. b5 Rc5 28. Rxd6 Rxb5+ 29. Ka1 Re8 30. Rcd1 Rbe5 31. R1d3 b5 32. Rd7 Qc4 33. Rd8 R5e6 34. Qd4 Qc7 35. Qd7 Qe5 36. Kb1 Rxd8 37. Qxd8+ Re8 38. Qd6 Qg5 39. g3 Rc8 40. h4 Qh6 41. Qe7 Qf8 42. Qxf8+ Kxf8 43. Kb2 Ke7 44. a3 h5 45. Rd5 Rb8 46. Kb3 Ke6 47. g4 hxg4 48. fxg4 Kf6 49. h5 gxh5 50. gxh5 Kg7 51. Rc5 Rb7 52. a4 bxa4+ 53. Kxa4 Kh6 54. Kxa5 Re7 55. Rf5 Kg7 56. c4 Rxe4 57. c5 Kf8 58. c6 Ke7 59. Kb6 Kd8 60. h6 Rb4+ 61. Rb5 Rh4 62. Kb7 1-0

[Event "ENG-CHN"]
[Site "London"]
[Date "1997.??.??"]
[Round "2"]
[White "McDonald, Neil R"]
[Black "Wang Zili"]
[Result "1/2-1/2"]
[WhiteElo "2490"]
[BlackElo "2530"]
[PlyCount "71"]
[EventDate "1997.04.??"]
[Source "ChessBase"]
[SourceDate "1997.08.01"]

1. e4 c5 2. Nf3 d6 3. d4 cxd4 4. Nxd4 Nf6 5. Nc3 Nc6 6. Bg5 Bd7 7. Be2 Qa5 8. Bxf6 gxf6 9. Nb3 Qg5 10. Nd5 O-O-O 11. g3 f5 12. exf5 Bxf5 13. O-O e6 14. Ne3 Bh3 15. Re1 h5 16. Nd4 Bg7 17. Nxc6 bxc6 18. Qd3 Kc7 19. Bf3 Rb8 20. Qc4 Rb6 21. Rad1 Bg4 22. h4 Qf6 23. Bxg4 hxg4 24. Qa4 d5 25. Qxa7+ Rb7 26. Qa5+ Kb8 27. b3 Qc3 28. Qxc3 Bxc3 29. Re2 f5 30. Ng2 e5 31. Rd3 Ba1 32. a4 Rf8 33. Rd1 Bc3 34. Rd3 Ba1 35. Rd1 Bc3 36. Rd3 1/2-1/2

[Event "London WFW"]
[Site "London"]
[Date "1991.??.??"]
[Round "?"]
[White "Byrne, R."]
[Black "Larsen, B."]
[Result "1/2-1/2"]
[WhiteElo "2460"]
[BlackElo "2560"]
[PlyCount "89"]
[EventDate "1991.05.??"]
[Source "www.chesslib.no"]
[SourceDate "2004.05.04"]

1. e4 c5 2. Nf3 Nc6 3. d4 cxd4 4. Nxd4 Nf6 5. Nc3 d6 6. Bg5 Bd7 7. Bxf6 gxf6 8. Nf5 Rc8 9. Bc4 h5 10. O-O Na5 11. Bb3 Bc6 12. Qd4 e6 13. Ne3 a6 14. Rfe1 Be7 15. Re2 Bd7 16. Rae1 Nc6 17. Qd1 b5 18. f4 Qb6 19. Kh1 Kf8 20. Rd2 Qa7 21. Rd3 Rd8 22. Ne2 Bc8 23. a3 h4 24. h3 Rg8 25. f5 Ne5 26. Rd4 Nc6 27. Rd3 Ne5 28. Rc3 d5 29. fxe6 Bxe6 30. Bxd5 b4 31. Rb3 f5 32. Nf4 Bg5 33. Rf1 Bxf4 34. Rxf4 Ng6 35. Rf1 fxe4 36. Qh5 Bxd5 37. Nxd5 Qc5 38. Qh6+ Rg7 39. Nf6 Qxc2 40. Nh5 Qxb3 41. Qxg7+ Ke8 42. Nf6+ Ke7 43. Nxe4 Rd1 44. Qf6+ Kf8 45. Nf2 1/2-1/2

[Event "Novi Sad"]
[Site "?"]
[Date "1999.??.??"]
[Round "?"]
[White "Kotronias, V."]
[Black "Miroshnichenko, E."]
[Result "1/2-1/2"]
[WhiteElo "2535"]
[BlackElo "2480"]
[PlyCount "45"]
[EventDate "1999.??.??"]
[Source "Chess Informant"]
[SourceDate "1999.10.01"]

1. e4 c5 2. Nf3 Nc6 3. d4 cxd4 4. Nxd4 Nf6 5. Nc3 d6 6. Bg5 Bd7 7. Be2 e6 8. Ndb5 Qb8 9. a4 Be7 10. O-O O-O 11. Qd2 Rd8 12. Rfd1 Be8 13. Qe3 h6 14. Bf4 a6 15. Na3 e5 16. Bxh6 gxh6 17. Qxh6 Nh7 18. Rd3 Bf8 19. Rg3+ Kh8 20. Qh4 Be7 21. Qh6 Bf8 22. Qh4 Be7 23. Qh6 1/2-1/2

[Event "NED Team Ch 9495"]
[Site "NED"]
[Date "1994.??.??"]
[Round "4"]
[White "Piket, Jeroen"]
[Black "De Wit, Johannes S"]
[Result "1-0"]
[WhiteElo "2605"]
[BlackElo "2410"]
[PlyCount "133"]
[EventDate "1994.??.??"]
[Source "www.chesslib.no"]
[SourceDate "2004.05.04"]

1. e4 c5 2. Nf3 d6 3. d4 cxd4 4. Nxd4 Nf6 5. Nc3 Nc6 6. Bg5 Bd7 7. Be2 Qa5 8. Bxf6 gxf6 9. O-O Rg8 10. Nd5 Bh3 11. Bf3 Ne5 12. Kh1 Nxf3 13. gxh3 Nxd4 14. Qxd4 Rc8 15. c4 Qc5 16. Qxc5 Rxc5 17. b3 Rg6 18. f4 Rh6 19. Rf3 e6 20. Ne3 Rch5 21. Kg2 Rg6+ 22. Kf2 Bh6 23. Rd1 Ke7 24. a4 Ra5 25. Ke2 Rh5 26. Rdf1 Rg8 27. Ng4 Rh4 28. R1f2 Bg7 29. Rg3 Bh8 30. Rff3 Rh5 31. Rd3 Rh4 32. Kf3 Rh5 33. Ke2 Rh4 34. Rd1 h5 35. Nf2 Rg6 36. Kf3 f5 37. exf5 Rf6 38. Rg5 e5 39. Nd3 Rxh3+ 40. Ke4 Rxh2 41. fxe5 dxe5 42. Rg8 Rh4+ 43. Ke3 Rh3+ 44. Ke2 Rd6 45. Nf2 Rxd1 46. Kxd1 Rh2 47. Ne4 Rh4 48. Nc3 Rd4+ 49. Ke2 Rd8 50. Nd5+ Kd7 51. Rg5 e4 52. Ke3 Re8 53. Rxh5 Bb2 54. Rh7 Kd6 55. Rxf7 Ke5 56. f6 Bd4+ 57. Ke2 Rh8 58. Re7+ Kf5 59. f7 Bc5 60. Rxb7 Rh2+ 61. Kf1 Kg4 62. b4 Bf8 63. Rb8 Kf3 64. Ke1 e3 65. Nxe3 Rh8 66. Nd5 Rh1+ 67. Kd2 1-0

[Event "TCh-CZE Extraliga 2003-4"]
[Site "Czech Rep"]
[Date "2004.04.03"]
[Round "10"]
[White "Hracek, Zbynek"]
[Black "Heberla, Bartolomiej"]
[Result "1-0"]
[WhiteElo "2599"]
[BlackElo "2412"]
[PlyCount "65"]
[EventDate "2004.01.08"]
[Source "Roberto Alvarez"]
[SourceDate "2004.04.05"]

1. e4 c5 2. Nf3 d6 3. d4 cxd4 4. Nxd4 Nf6 5. Nc3 Nc6 6. Bg5 Bd7 7. Be2 Qa5 8. Bxf6 gxf6 9. O-O Nxd4 10. Qxd4 Rc8 11. a4 Qc5 12. Qd2 Bg7 13. Bb5 f5 14. Nd5 Bxb5 15. axb5 fxe4 16. Qg5 Bf6 17. Nxf6+ exf6 18. Qxf6 Qe5 19. Qxe5+ dxe5 20. Rxa7 O-O 21. c3 Rfd8 22. Rxb7 Rd2 23. Rb1 Rcd8 24. h3 Rc2 25. b6 e3 26. fxe3 Rdd2 27. Kh1 Kf8 28. Rb8+ Ke7 29. b7 Rxg2 30. Re8+ Kd7 31. Rd8+ Ke7 32. b8=Q Rh2+ 33. Kg1 1-0

[Event "Groningen op"]
[Site "Groningen"]
[Date "1993.??.??"]
[Round "2"]
[White "Brodsky, Michail"]
[Black "Obukhov, Alexander"]
[Result "1/2-1/2"]
[WhiteElo "2515"]
[BlackElo "2490"]
[PlyCount "64"]
[EventDate "1993.12.??"]
[Source "ChessBase"]

1. e4 c5 2. Nf3 Nc6 3. d4 cxd4 4. Nxd4 Nf6 5. Nc3 d6 6. Bg5 Bd7 7. Bc4 Qa5 8. Bxf6 gxf6 9. Nb3 Qg5 10. g3 Rc8 11. f4 Qg7 12. Qe2 e6 13. O-O-O a6 14. Nd4 Nxd4 15. Rxd4 Be7 16. f5 Rc5 17. Kb1 O-O 18. Bb3 Kh8 19. Rhd1 Re5 20. Qg2 Re8 21. fxe6 fxe6 22. Ne2 Bf8 23. Nf4 Bc8 24. Qf3 Qh6 25. g4 Be7 26. Rc4 f5 27. exf5 exf5 28. Qc3 Qf8 29. Nd5 Be6 30. Rf4 Bxd5 31. Bxd5 Bf6 32. Qd3 Qg7 1/2-1/2

[Event "IBM"]
[Site "Amsterdam"]
[Date "1972.??.??"]
[Round "?"]
[White "Ivkov, Borislav"]
[Black "Timman, Jan H"]
[Result "1/2-1/2"]
[WhiteElo "2560"]
[BlackElo "2445"]
[PlyCount "82"]
[EventDate "1972.??.??"]
[Source "ChessBase"]

1. e4 c5 2. Nf3 d6 3. d4 cxd4 4. Nxd4 Nf6 5. Nc3 Nc6 6. Bg5 Bd7 7. Be2 a6 8. O-O e6 9. Qd2 Be7 10. Rad1 h6 11. Be3 b5 12. a3 Nxd4 13. Qxd4 e5 14. Qd3 O-O 15. f4 Be6 16. fxe5 dxe5 17. Nd5 Bxd5 18. exd5 Bd6 19. Qf5 Qc8 20. Kh1 Qxf5 21. Rxf5 Rac8 22. c3 Ne4 23. g4 g6 24. Rf3 Kg7 25. Rdf1 Be7 26. a4 bxa4 27. Bxa6 Rb8 28. Bd3 Nd6 29. Rh3 Bg5 30. Bc5 Rfd8 31. Ba3 e4 32. Bxd6 Rxd6 33. Bxe4 Rxb2 34. c4 Ra6 35. Rhf3 Bf6 36. c5 a3 37. d6 a2 38. Rxf6 a1=Q 39. Rxf7+ Kg8 40. Rf8+ Kg7 41. R8f7+ Kg8 1/2-1/2

[Event "First Saturday GM - Giugno 2007"]
[Site "Budapest UNG"]
[Date "2007.06.04"]
[Round "3"]
[White "Bluvshtein, Mark"]
[Black "Bui, Vinh"]
[Result "1/2-1/2"]
[WhiteElo "2520"]
[BlackElo "2483"]
[PlyCount "43"]
[EventDate "2007.06.02"]
[Source "www.chesslib.no"]
[SourceDate "2004.05.04"]

1. e4 c5 2. Nf3 d6 3. d4 cxd4 4. Nxd4 Nf6 5. Nc3 Nc6 6. Bg5 Bd7 7. Be2 Qa5 8. Bxf6 gxf6 9. O-O Nxd4 10. Qxd4 Rc8 11. Kh1 Qc5 12. Qd3 f5 13. exf5 Qxf5 14. Qd4 Rg8 15. Bf3 Bg7 16. Qxa7 Be5 17. Be4 Bc6 18. Bxc6+ bxc6 19. f4 Bxc3 20. bxc3 Qxc2 21. g3 Rg6 22. Qb7 1/2-1/2

[Event "Olimpiadi 2008 - open"]
[Site "Dresda GER"]
[Date "2008.11.22"]
[Round "9"]
[White "Moradiabadi, E."]
[Black "Franco Ocampos, Z."]
[Result "1/2-1/2"]
[WhiteElo "2499"]
[BlackElo "2501"]
[PlyCount "66"]
[EventDate "2008.11.13"]
[Source "www.chesslib.no"]
[SourceDate "2004.05.04"]

1. e4 c5 2. Nf3 d6 3. Nc3 Nc6 4. d4 cxd4 5. Nxd4 Nf6 6. Bg5 Bd7 7. Bxf6 gxf6 8. Be2 Qa5 9. Nb3 Qg5 10. g3 f5 11. f4 Qh6 12. Bd3 Bg7 13. exf5 Bxc3+ 14. bxc3 Qf6 15. O-O Bxf5 16. Rb1 O-O 17. Nc1 Qxc3 18. Bxf5 Qc5+ 19. Rf2 Qxf5 20. Rxb7 Rab8 21. Rb3 Rfc8 22. Qd2 Na5 23. Rxb8 Rxb8 24. Nb3 Nc6 25. Re2 a5 26. Qc3 Qb5 27. Re1 Qb6+ 28. Kg2 Nb4 29. Nd4 e6 30. Nf3 Qc5 31. Qxc5 dxc5 32. Rb1 Rd8 33. Rb2 Rd1 1/2-1/2